000
00328nam a2200145Ia 4500
100
_a
Patil/B.R
650
_a
Basic electrical engineering
942
_c
BK
245
_a
Basic Electrical Engineering
260
_b
Oxford university press
_c
2018
082
_a
621.392
_b
PAT
300
_a
646
546
_a
ENGLISH
999
_c
25705
_d
25705